| 000 | 00858nam0a2200241 4500 | ||
|---|---|---|---|
| 001 | RU\NLR\bibl\1814820 | ||
| 005 | 20250616154744.0 | ||
| 010 |
_a978-5-7253-2351-1 _9100 |
||
| 021 |
_aRU _b2011-66885 _94714 |
||
| 035 | _a(NLR Aleph) 001805411 | ||
| 090 |
_a1804888 _c1804888 |
||
| 100 | _a20110930d2011 |||y0rusy50 ca | ||
| 101 | 0 | _arus | |
| 102 | _aRU | ||
| 105 | _ay ||||||||| | ||
| 200 | 1 |
_aОсновы права _eпрактикум _fМ-во образования и науки Рос. Федерации, Байк. гос. ун-т экономики и права |
|
| 210 |
_aИркутск _cИзд-во БГУЭП _d2011 |
||
| 215 | _d20 | ||
| 801 | 0 |
_aRU _bNLR _c20110930 _gRCR |
|
| 801 | 1 |
_aRU _bNLR _c20110930 |
|
| 942 | _cBOOK | ||
| 980 | _aNB | ||